LEADER 01129nam1-22003611i-450- 001 990007485010403321 005 20111117133341.0 035 $a000748501 035 $aFED01000748501 035 $a(Aleph)000748501FED01 035 $a000748501 100 $a20030814d1999----km-y0itay50------ba 101 0 $aita 102 $aIT 105 $aa-------001yy 200 1 $aGhiacci e miraggi$efonti e questioni intorno alla ricerca dell'Antartide (1772-1900)$fa cura di Cosimo Palagiano e Claudio Cerreti 210 $aRoma$cSocietà geografica italiana$d1999 215 $a333 p.$cill.$d25 cm 225 1 $aMemorie della Società geografica italiana$v59 610 0 $aGeografia storica 610 0 $aAntartide$aViaggi e Esplorazioni 676 $a998$v21$zita 702 1$aCerreti,$bClaudio 702 1$aPalagiano,$bCosimo$f<1939- > 801 0$aIT$bUNINA$gRICA$2UNIMARC 901 $aBK 912 $a990007485010403321 952 $aCollez. 1437 (59)$b36936$fFSPBC 952 $aCons.1 MSGI(059)$bB.F.L.F.31218$fILFGE 959 $aILFGE 959 $aFSPBC 996 $aGhiacci e miraggi$9675163 997 $aUNINA LEADER 01419nam0 2200361 450 001 000019312 005 20061004182433.0 010 $a2-204-07678-3 100 $a20060726d2004----km-y0itaa50------ba 101 0 $afre$alat 102 $aFR 200 1 $aLettres ascétiques et morales$fFulgence de Ruspe$gtexte critique de J. Fraipont$gintroduction, traduction et notes par Daniel Bachelet 200 1 $a1 $n0001181 210 $aParis$c<> editions du cerf$d2004 215 $a298 p.$d20 cm 225 2 $aSources Chrétiennes$v487 410 1$12001$aSources Chrétiennes$v487 676 $a270.2$v(21. ed.)$9Storia della chiesa. Periodo dei concili ecumenici, 325-787 676 $a876.02$v(21. ed.)$9Lettere latine. Periodo precarolino, 500 ca. - 749 ca. 700 0$aFulgentius$c: Ruspensis$0437040 702 1$aBachelet,$bDaniel 702 1$aFraipont,$bJ. 801 0$aIT$bUniversità della Basilicata - B.I.A.$gRICA$2unimarc 912 $a000019312 996 $aLettres ascétiques et morales$91527415 997 $aUNIBAS BAS $aLETTERE CAT $aSTD047$b00$c20060726$lBAS01$h1130 CAT $aSTD047$b00$c20060726$lBAS01$h1133 CAT $aMDL$b30$c20061004$lBAS01$h1824 CAT $aBATCH$b00$c20070503$lBAS01$h1731 FMT Z30 -1$lBAS01$LBAS01$mBOOK$1BASA1$APolo Storico-Umanistico$2DSLF$BCollezione DiSLF$3DF/6904$66904$5F6904$820060726$b1$f04$FPrestabile Didattica